A Balassagyarmati Dalegylet és a Rózsavölgyi Márk Alapfokú Művészeti Iskola zenepedagógiai történeti áttekintése és tevékenysége

Elmentve itt :
Bibliográfiai részletek
Szerző: Majoros Tamás Vince
További közreműködők: Varjasi József Gyula (Témavezető)
Dokumentumtípus: Szakdolgozat
Megjelent: 2016
Tárgyszavak:
Online Access:http://diploma.bibl.u-szeged.hu/68221
LEADER 00866nta a2200169 i 4500
001 dipl68221
005 20170525132706.0
008 170525s2016 hu om 0|| zxx d
040 |a SZTE Diploma Repozitórium  |b hun 
041 |a zxx 
100 1 |a Majoros Tamás Vince 
245 1 2 |a A Balassagyarmati Dalegylet és a Rózsavölgyi Márk Alapfokú Művészeti Iskola zenepedagógiai történeti áttekintése és tevékenysége  |h [elektronikus dokumentum] /  |c Tamás Vince Majoros 
246 1 0 |a The historical overview of music education and activities of the Balassagyarmati Dalegylet and the Rózsavölgyi Márk Elementary Art School  |h [elektronikus dokumentum] 
260 |c 2016 
650 4 |a Pedagógusképzés 
700 1 |a Varjasi József Gyula  |e ths 
856 4 0 |u http://diploma.bibl.u-szeged.hu/id/eprint/68221/1/2016_Majoros_Tam%C3%A1s_Vince_MATVAAF_SZE_SZ.pdf  |z Dokumentum-elérés